Restraint of animals
שמור ב:
| מחבר ראשי: | |
|---|---|
| פורמט: | ספר |
| שפה: | Undetermined |
| יצא לאור: |
Ithaca, N.Y.
Cornell Campus Store
1953
|
| נושאים: | |
| תגים: |
הוספת תג
אין תגיות, היה/י הראשונ/ה לתייג את הרשומה!
|
| Thư viện lưu trữ: | Trung tâm Học liệu Trường Đại học Cần Thơ |
|---|
| LEADER | 00510nam a2200181Ia 4500 | ||
|---|---|---|---|
| 001 | CTU_125801 | ||
| 008 | 210402s9999 xx 000 0 und d | ||
| 082 | |a 636.089 | ||
| 082 | |b L527 | ||
| 100 | |a Leahy, John R. | ||
| 245 | 0 | |a Restraint of animals | |
| 245 | 0 | |c John R. Leahy, Pat Barrow | |
| 260 | |a Ithaca, N.Y. | ||
| 260 | |b Cornell Campus Store | ||
| 260 | |c 1953 | ||
| 650 | |a Veterinary medicine,Animal immobilization | ||
| 904 | |i Hiếu | ||
| 980 | |a Trung tâm Học liệu Trường Đại học Cần Thơ | ||